00425nam a2200169Ia 4500003000400000008004100004040001600045082001300061100001700074245005900091700001700150260002900167300001000196650000800206650001800214650002300232GCL140319s9999 xx 000 0 eng d aGCL / cGCL04a342bB W1 aBRADLY, A.W.10aCONSTITUTIONAL AND ADMINISTRATIVE LAW / cBRADLY, A.W.1 aEWING, KEITH a[S.N] : bELBS ، c1993 a782 P04aLAW04aADMINSTRATION04aCONSTITUTIONAL LAW